Normal view MARC view
  • García García, Luis Alberto

Entry Nombre Personal

Number of records used in: 1

001 - NUMERO DE CONTROL

  • campo de control: 43698

003 - IDENTIFICADOR DE NUMERO DE CONTROL

  • campo de control: UPN

005 - FECHA Y HORA DE LA ÜLTIMA TRANSACCIÓN

  • campo de control: 20220325100605.0

008 - DATOS DE LONGITUD FIJA

  • campo de control de longitud fija: 220211|| aca||aabn | a|a d

040 ## - FUENTE DE CATALOGACIÓN

  • Agencia original de catalogación: MX-MxUPN
  • Lenguaje de catalogación: spa
  • Agencia de transcripción: MX-MxUPN

100 1# - ENCABEZAMIENTO - NOMBRE PERSONAL

  • Nombre personal: García García, Luis Alberto

371 ## - DIRECCIÓN

  • Electronic mail address: lagarcia@ull.es

372 ## - CAMPO DE ACTIVIDAD

  • Field of activity: Psicología evolutiva

372 ## - CAMPO DE ACTIVIDAD

  • Field of activity: Psicología de la educación

373 ## - GRUPO ASOCIADO

  • Associated group: Universidad de La Laguna

374 ## - OCUPACIÓN

  • Occupation: Profesor universitario

375 ## - GÉNERO

  • Gender: masculino

377 ## - LENGUA ASOCIADA

  • Language code: spa

400 1# - VEÁSE - NOMBRE DE PERSONA

  • Personal name: García García, Luis A.

400 1# - VEÁSE - NOMBRE DE PERSONA

  • Personal name: García, Luis Alberto García

400 1# - VEÁSE - NOMBRE DE PERSONA

  • Personal name: García, Luis A. García

670 ## - FUENTE EN LA QUE SE LOCALIZARON DATOS

  • Cita de la fuente: En la obra: Determinantes de éxito y fracaso en la trayectoria del estudiante universitario, 1999:
  • Información localizada: portada (Luis A. García García)

670 ## - FUENTE EN LA QUE SE LOCALIZARON DATOS

  • Cita de la fuente: En el sitio web Universidad de La Laguna, consultado Marzo 25, 2022:
  • Información localizada: (García García Luis Alberto. Departamento: Psicología Evolutiva y de la Educación. Área de conocimiento: Psicología Evolutiva y de la Educación. Correo electrónico: lagarcia@ull.es
  • Uniform Resource Identifier: https://www.ull.es/apps/guias/guias/view_teacher_niu/815/lagarcia/